[Event "Arthur Andersen Trophy 11th"]
[Site "Neuilly"]
[Date "2001.04.07"]
[Round "4"]
[White "Hattu, Alexis"]
[Black "Picard, Romain"]
[Result "1/2-1/2"]
[WhiteElo "2153"]
[BlackElo "2213"]
[PlyCount "60"]
[EventDate "2001.04.??"]
[EventType "swiss (rapid)"]
[EventRounds "7"]
[EventCountry "FRA"]
[SourceTitle "EXT 2005"]
[Source "ChessBase"]
[SourceDate "2004.11.15"]
[SourceVersion "1"]
[SourceVersionDate "2004.11.15"]
[SourceQuality "1"]

1. d4 Nf6 2. c4 g6 3. Nc3 d5 4. cxd5 Nxd5 5. e4 Nxc3 6. bxc3 Bg7 7. Nf3 0-0 8. Rb1 c5 9. Be2 Nc6 10. d5 Ne5 11. Nxe5 Bxe5 12. Qd2 b6 13. 0-0 e6 14. f4 Bg7 15. c4 Re8 16. e5 exd5 17. cxd5 Bb7 18. Bc4 Kh8 19. Bb2 Rc8 20. d6 Qd7 21. Bxf7 Qxf7 22. d7 Bc6 23. dxc8Q Rxc8 24. Rfe1 Bd5 25. a3 Kg8 26. Rbd1 Be6 27. Qe3 Bh6 28. Rf1 Rf8 29. g3 Re8 30. Rd6 Bf8 1/2-1/2

[Event "FRA-chT2S 9899"]
[Site "France"]
[Date "1998.10.18"]
[Round "1"]
[White "Hattu, Alexis"]
[Black "Lamorelle, Julien"]
[Result "0-1"]
[WhiteElo "2165"]
[BlackElo "2150"]
[PlyCount "58"]
[EventDate "1998.??.??"]
[EventType "team"]
[EventRounds "9"]
[EventCountry "FRA"]
[SourceTitle "EXT 2002"]
[Source "ChessBase"]
[SourceDate "2001.11.25"]
[SourceVersion "1"]
[SourceVersionDate "2001.11.25"]
[SourceQuality "1"]

1. d4 d5 2. c4 c6 3. Nc3 dxc4 4. a4 Nf6 5. e3 Bf5 6. Bxc4 e6 7. Nf3 Bb4 8. 0-0 Nbd7 9. Qe2 Bg6 10. Rd1 0-0 11. Na2 Bd6 12. Ne5 Bh5 13. f3 Qc7 14. g4 Bg6 15. Nxg6 hxg6 16. e4 e5 17. d5 cxd5 18. Bxd5 Nxd5 19. exd5 Nc5 20. Qc4 Rae8 21. b4 Nxa4 22. Qxc7 Bxc7 23. Be3 Rd8 24. Bxa7 b6 25. Rac1 Rd7 26. Rc6 Ra8 27. Bxb6 Bxb6+ 28. Kg2 Bd4 29. Nc1 Nc3 0-1

[Event "FRA-chJM5"]
[Site "Rochefort"]
[Date "1998.??.??"]
[Round "9"]
[White "Hattu, Alexis"]
[Black "Valuet, Bertrand"]
[Result "1/2-1/2"]
[WhiteElo "2165"]
[BlackElo "2165"]
[PlyCount "91"]
[EventDate "1998.04.??"]
[EventType "swiss"]
[EventRounds "9"]
[EventCountry "FRA"]
[SourceTitle "EXT 2000"]
[Source "ChessBase"]
[SourceDate "1999.11.16"]
[SourceVersion "1"]
[SourceVersionDate "1999.11.16"]
[SourceQuality "1"]

1. d4 Nf6 2. Nf3 c5 3. d5 b5 4. Bg5 Qa5+ 5. c3 Bb7 6. Bxf6 gxf6 7. e4 Bg7 8. Nbd2 Qb6 9. a4 a6 10. Qb3 f5 11. e5 0-0 12. Nc4 Qg6 13. Na5 c4 14. Qd1 Qb6 15. Nxb7 Qxb7 16. axb5 axb5 17. Rxa8 Qxa8 18. Be2 Na6 19. 0-0 Nc5 20. Qc2 e6 21. dxe6 dxe6 22. Nd4 Qa4 23. Qxa4 Nxa4 24. f4 b4 25. cxb4 Rd8 26. Nc6 Rd2 27. Bxc4 Nxb2 28. Rc1 Bf8 29. Bf1 Kg7 30. b5 Rd1 31. Rxd1 Nxd1 32. g3 Bc5+ 33. Kh1 Ne3 34. Bd3 h5 35. Nb8 Nd5 36. Nd7 Bd4 37. Kg2 h4 38. Kf3 Bg1 39. Bc4 Nb6 40. Nxb6 Bxb6 41. gxh4 Bc7 42. Ke3 f6 43. Kd4 fxe5+ 44. fxe5 Bb6+ 45. Kc3 Bc7 46. Kd4 1/2-1/2

[Event "Cannes op-B 18th"]
[Site "Cannes"]
[Date "1997.??.??"]
[Round "4"]
[White "Berthelot, Yannick"]
[Black "Hattu, Alexis"]
[Result "1-0"]
[WhiteElo "2295"]
[BlackElo "2120"]
[PlyCount "111"]
[EventDate "1997.02.22"]
[EventType "swiss"]
[EventRounds "9"]
[EventCountry "FRA"]
[SourceTitle "CBM 057 Extra"]
[Source "ChessBase"]
[SourceDate "1997.05.01"]
[SourceVersion "1"]
[SourceVersionDate "1997.05.01"]
[SourceQuality "1"]

1. e4 c5 2. Nf3 Nc6 3. d4 cxd4 4. Nxd4 Nf6 5. Nc3 e5 6. Ndb5 d6 7. Bg5 a6 8. Na3 b5 9. Bxf6 gxf6 10. Nd5 f5 11. c3 Bg7 12. exf5 Bxf5 13. Nc2 Be6 14. g3 0-0 15. Bg2 f5 16. 0-0 a5 17. a3 Kh8 18. f4 Rb8 19. Kh1 Ne7 20. Qd2 e4 21. Nxe7 Qxe7 22. Nd4 Bc4 23. Nc6 Qe6 24. Rfe1 Ra8 25. Rad1 Ra6 26. Nd4 Qf6 27. Bf1 Bxf1 28. Rxf1 Rb6 29. Nc2 Rd8 30. Qd5 Rdb8 31. Rf2 Qg6 32. Qd2 h6 33. Qe3 Qe6 34. Rfd2 Qb3 35. Nd4 Qf7 36. Nc2 Qb3 37. Nd4 Qf7 38. Ne2 b4 39. axb4 axb4 40. Rxd6 Rxd6 41. Rxd6 bxc3 42. bxc3 Rb1+ 43. Kg2 Qc4 44. Qd2 Ra1 45. Kh3 Ra2 46. Rd8+ Kh7 47. Qd7 Kg6 48. Qe8+ Kh7 49. Rd6 Qg8 50. Qg6+ Kh8 51. Nd4 Bf8 52. Qf6+ Qg7 53. Nxf5 Qxf6 54. Rxf6 Bc5 55. Re6 e3 56. Nxe3 1-0

[Event "FRA-chT2S"]
[Site "France"]
[Date "1997.??.??"]
[Round "3"]
[White "Milesi, Laurent"]
[Black "Hattu, Alexis"]
[Result "1-0"]
[WhiteElo "2120"]
[BlackElo "2155"]
[PlyCount "163"]
[EventDate "1997.??.??"]
[EventType "team"]
[EventRounds "9"]
[EventCountry "FRA"]
[SourceTitle "EXT 2007"]
[Source "ChessBase"]
[SourceDate "2006.11.23"]
[SourceVersion "1"]
[SourceVersionDate "2006.11.23"]
[SourceQuality "1"]
[WhiteTeam "Aix en Provence"]
[BlackTeam "Echiquier Nicois"]
[WhiteTeamCountry "FRA"]
[BlackTeamCountry "FRA"]

1. e4 c5 2. Nf3 Nc6 3. Nc3 g6 4. d4 cxd4 5. Nxd4 Bg7 6. Be3 Nf6 7. Bc4 d6 8. h3 0-0 9. 0-0 Na5 10. Bb3 a6 11. f4 Nxb3 12. axb3 d5 13. e5 Ne4 14. Nde2 Nxc3 15. Nxc3 Bf5 16. Nxd5 Bxc2 17. Nxe7+ Qxe7 18. Qxc2 Rac8 19. Qe4 f6 20. Bd4 fxe5 21. fxe5 Rfd8 22. Bc3 Rc5 23. Rae1 Rb5 24. Kh1 Qe6 25. Qc4 Re8 26. Rd1 Qxc4 27. bxc4 Rc5 28. Rd7 Rxc4 29. Rff7 Bxe5 30. Bxe5 Rxe5 31. Rg7+ Kh8 32. Rxh7+ Kg8 33. Rdg7+ Kf8 34. Rxb7 Kg8 35. Rbg7+ Kf8 36. Ra7 Kg8 37. Rhg7+ Kf8 38. Rxg6 a5 39. Rh6 Kg8 40. Rd6 Rc8 41. Rg6+ Kf8 42. Rh6 Kg8 43. Rg6+ Kf8 44. Rgg7 Rb8 45. Raf7+ Ke8 46. Rb7 Kf8 47. Rxb8+ Kxg7 48. Rb6 a4 49. Kh2 Re3 50. h4 Rd3 51. g3 a3 52. bxa3 Rxa3 53. Kh3 Ra4 54. h5 Ra3 55. Kh4 Ra1 56. g4 Rh1+ 57. Kg5 Rf1 58. Rb7+ Kg8 59. Kg6 Rf8 60. g5 Kh8 61. Re7 Kg8 62. h6 Kh8 63. Kh5 Rf5 64. Kg4 Rf8 65. g6 Rc8 66. Kg5 Rb8 67. Rd7 Ra8 68. Kf6 Ra6+ 69. Kf7 Rd6 70. Re7 Rd8 71. Re8+ Rxe8 72. Kxe8 Kg8 73. h7+ Kh8 74. Ke7 Kg7 75. Ke6 Kh8 76. Kf5 Kg7 77. Kg5 Kh8 78. Kh5 Kg7 79. h8Q+ Kxh8 80. Kh6 Kg8 81. g7 Kf7 82. Kh7 1-0